| 000 | 00971nac a22002771i 4500 | ||
|---|---|---|---|
| 003 | EG-ScBUE | ||
| 005 | 20240805115245.0 | ||
| 008 | 240417t1976 enkaf f b 001 0beng d | ||
| 020 | _a0297771248 | ||
| 040 |
_aEG-ScBUE _beng _erda _cEG-ScBUE _dEG-ScBUE |
||
| 082 | 0 | 4 |
_a945.60609 _bBRA _222 |
| 100 | 1 |
_aBradford, Sarah, _d1938- _eauthor. |
|
| 245 | 1 | 0 |
_aCesare Borgia : _bhis life and times / _cSarah Bradford. |
| 264 | 1 |
_aLondon : _bWeidenfeld and Nicolson, _c[1976] |
|
| 264 | 4 | _cc1976 | |
| 300 |
_aviii, 327 pages, [4] leaves of plates : _billustrations ; _c22 cm |
||
| 336 |
_2rdacontent _atext _btxt |
||
| 337 |
_aunmediated _2rdamedia _bn |
||
| 338 |
_avolume _bnc _2rdacarrier |
||
| 504 | _aIncludes bibliographical references and index. | ||
| 600 | 1 | 7 |
_aBorgia, Cesare, _d1476?-1507. _2BUEsh |
| 650 | 7 |
_2BUEsh _aStatesmen _zPapal States _vBiography. |
|
| 651 | 7 |
_aNobility _zPapal States _vBiography. _2BUEsh |
|
| 655 | _vReading book | ||
| 942 |
_cBB _2ddc |
||
| 999 |
_c7366 _d7366 |
||